| 000 | 01019nam a22002777a 4500 | ||
|---|---|---|---|
| 001 | 3340 | ||
| 003 | FISKH | ||
| 005 | 20250815160931.0 | ||
| 008 | 240228b cb ||||| |||| 00| 0 eng d | ||
| 020 | _a9789814281218 | ||
| 040 |
_aFISKH _beng _cFISKH _dFISKH |
||
| 100 | _aGiles, Jenny | ||
| 245 |
_aThe boy who cried wolf / _cRetold by Jenny Giles ; illustrated by Naomi C. Lewis |
||
| 250 | _aThis edition published in 1998 | ||
| 260 |
_aNew Tech Park: _bCengage Learning Asia, _c1998 |
||
| 300 |
_a32 pages : _bcolor illustrations ; _c22 cm . |
||
| 505 | _aM | ||
| 520 | _aAesop, the teller of fables, was born in Thrace (Northern Greece) in the 6th century BC. The illustrator has moved the story closer to the present day. Set in the Balkans in the 18th century. | ||
| 521 | 8 |
_a540
_bLexile |
|
| 521 | 8 |
_aM
_bRaz-Plus |
|
| 600 |
_2 fables _vfolktale |
||
| 650 |
_aFables and Tales _vFiction |
||
| 700 |
_aLewis, Naomi C. _eillustrator |
||
| 942 |
_2ddc _cBK _n0 |
||
| 999 |
_c3340 _d3340 |
||